Les 15 plus gros transferts de football de l'été 2025 - Statistiques

Statistiques générales
  • Ce quiz a été pris 126 fois
  • Le résultat moyen est 12 sur 15
Statistiques - réponses
Classement Prix du transfert Club de départ Club d'arrivée Joueurs % Correct
1 145 millions € Newcastle Liverpool Alexander Isak
99%
2 125 millions € Bayer Leverkusen Liverpool Florian Wirtz
97%
3 95 millions € Francfort Liverpool Hugo Ekitiké
96%
5 75 millions € SSC Napoli Galatasaray Victor Osimhen
91%
7 75 millions € Brentford Manchester United Bryan Mbeumo
82%
10 70 millions € Liverpool Bayern Munich Luis Diaz
81%
4 76,5 millions € Leipzig Manchester United Benjamin Sesko
79%
11 69,3 millions € Crystal Palace Arsenal Eberechi Eze
79%
9 70 millions € Real Sociedad Arsenal Martin Zubimendi
76%
13 65,8 millions € Sporting Portugal Arsenal Viktor Gyökeres
76%
14 65 millions € Leipzig Tottenham Xavi Simons
73%
8 74,2 millions € Wolverhampton Manchester United Matheus Cunha
70%
6 75 millions € Stuttgart Newcastle Nick Woltemade
68%
12 68,3 millions € Atalanta Bergame Al-Qadsiah Mateo Retegui
55%
15 63,8 millions € West Ham Tottenham Mohammed Kudus
52%
Aucun quiz correspondant
Distribution des résultats
% des personnes avec chaque résultat
Percentile par nombre de réponses
Votre historique - résultats
Vous n’avez pas pris ce quiz